Asymetrická syntéza s využitím dynamickej rovnováhy v dvojfázových systémoch

Guardado en:
Detalles Bibliográficos
Autor principal: Sivák, Ivan (Autor)
Otros Autores: Kolarovič, Andrej (Orientador)
Formato: Manuscrito Libro
Lenguaje:eslovaco
Publicado: 2016
Materias:
Acceso en línea:http://is.stuba.sk/zp/portal_zp.pl?podrobnosti=89486
Etiquetas: Agregar Etiqueta
Sin Etiquetas, Sea el primero en etiquetar este registro!

MARC

LEADER 00000ntm a22000003a 4500
001 stuzp29118
003 SK-STU
005 20160719152906.3
007 ta
008 150427s2015----xo-----f-mn---000-0-slo-d
040 |a STU  |b slo 
041 0 |a slo 
100 1 |a Sivák, Ivan  |u 048140  |4 aut  |U FCHPT Ústav organickej chémie, katalýzy a petrochémie  |T FCHPT Oddelenie organickej chémie  |X 26460  |U C8140  |Y 124  |7 A000026460 
242 0 1 |a Asymmetric synthesis using dynamic equilibration in two-phase systems  |y eng 
245 1 0 |a Asymetrická syntéza s využitím dynamickej rovnováhy v dvojfázových systémoch 
260 |c 2016 
650 4 |a kryštalizáciou-indukovaná asymetrická transformácia  |2 slo 
650 4 |a CIAT  |2 slo 
650 4 |a 3-benzylpiperidín  |2 slo 
650 4 |a 3-acylakrylová kyselina  |2 slo 
650 4 |a chirálna iónová kvapalina  |2 slo 
650 4 |a asymetrická syntéza  |2 slo 
650 4 |a crystallization-induced asymmetric transformation  |2 eng 
650 4 |a asymmetric transformation  |2 eng 
650 4 |a 3-benzylpiperidine  |2 eng 
650 4 |a chiral ionic liquid  |2 eng 
650 4 |a beta-acylacrylic acid  |2 eng 
700 1 |a Kolarovič, Andrej  |4 ths  |X 4867  |7 A000004867 
856 4 |u http://is.stuba.sk/zp/portal_zp.pl?podrobnosti=89486 
SQL |a stuzp29118  |b DDZ  |c SLO  |d Asymetrická syntéza s využitím dynamickej rovnováhy v dvojfázových systémoch  |e 26460  |f Sivák, Ivan  |g 048140  |h 4867  |i Kolarovič, Andrej  |j 20160613  |k 142  |l 04  |m http://is.stuba.sk/zp/portal_zp.pl?podrobnosti=89486  |n D-ORGCH  |o 4.1.16. organická chémia